Statistics for All two letter combinations without vowels

Click here to take the quiz!

General Stats

  • This quiz has been taken 20 times
  • The average score is 198 of 441

Answer Stats

Answer% Correct
BV
92%
BY
92%
BB
85%
BK
85%
BL
85%
BM
85%
BN
85%
BP
85%
BQ
85%
BR
85%
BS
85%
CB
85%
CN
85%
CY
85%
DK
85%
BC
77%
BD
77%
BF
77%
BG
77%
BH
77%
BJ
77%
BT
77%
BW
77%
BX
77%
BZ
77%
CC
77%
CD
77%
CH
77%
CK
77%
CL
77%
CP
77%
CQ
77%
CR
77%
CV
77%
CX
77%
DC
77%
DL
77%
DQ
77%
DR
77%
DV
77%
DY
77%
FK
77%
FL
77%
FQ
77%
FR
77%
FY
77%
GK
77%
GL
77%
GQ
77%
GR
77%
GY
77%
CF
69%
CG
69%
CJ
69%
CM
69%
CS
69%
CT
69%
CW
69%
CZ
69%
DB
69%
DF
69%
DG
69%
DH
69%
DJ
69%
DM
69%
DN
69%
DP
69%
DS
69%
DT
69%
DW
69%
DX
69%
DZ
69%
FB
69%
FC
69%
FD
69%
FF
69%
FG
69%
FH
69%
FJ
69%
FM
69%
FN
69%
FP
69%
FS
69%
FT
69%
FV
69%
FW
69%
FX
69%
FZ
69%
GB
69%
GC
69%
GD
69%
GF
69%
GH
69%
GJ
69%
GM
69%
GN
69%
GP
69%
GS
69%
GT
69%
GV
69%
GW
69%
GX
69%
HK
69%
HL
69%
HQ
69%
HR
69%
JK
69%
JL
69%
JQ
69%
JR
69%
JY
69%
DD
62%
GG
62%
GZ
62%
HC
62%
HF
62%
HG
62%
HJ
62%
HP
62%
HT
62%
HW
62%
HY
62%
JB
62%
JC
62%
JD
62%
JF
62%
JG
62%
JH
62%
JN
62%
JP
62%
JS
62%
JT
62%
JV
62%
JW
62%
JX
62%
JZ
62%
KH
62%
KK
62%
KL
62%
KQ
62%
KR
62%
HB
54%
HD
54%
HH
54%
HM
54%
HN
54%
HS
54%
HV
54%
HX
54%
HZ
54%
JJ
54%
JM
54%
KB
54%
KC
54%
KD
54%
KF
54%
KG
54%
KJ
54%
KM
54%
KN
54%
KP
54%
KS
54%
KT
54%
KV
54%
KY
54%
LK
54%
LL
54%
LQ
54%
LR
54%
LY
54%
PH
54%
QB
54%
TL
54%
KW
46%
KX
46%
KZ
46%
LB
46%
LC
46%
LG
46%
LH
46%
LJ
46%
LM
46%
LN
46%
LP
46%
LT
46%
LV
46%
LW
46%
LX
46%
LZ
46%
NN
46%
PL
46%
QM
46%
TB
46%
TH
46%
TK
46%
ZK
46%
ZL
46%
ZQ
46%
ZR
46%
ZY
46%
LD
38%
LF
38%
LS
38%
NK
38%
NL
38%
NP
38%
NR
38%
NV
38%
NW
38%
NY
38%
PD
38%
PF
38%
PG
38%
PK
38%
PN
38%
PP
38%
PQ
38%
PR
38%
PY
38%
QC
38%
QD
38%
QF
38%
QG
38%
QH
38%
QJ
38%
QK
38%
QL
38%
QN
38%
QP
38%
QR
38%
QS
38%
QT
38%
QV
38%
QX
38%
QY
38%
QZ
38%
RB
38%
RH
38%
RR
38%
TG
38%
TJ
38%
TM
38%
TN
38%
TP
38%
TQ
38%
TR
38%
TT
38%
TV
38%
TX
38%
TY
38%
TZ
38%
VY
38%
ZD
38%
ZF
38%
ZG
38%
ZH
38%
ZJ
38%
ZP
38%
ZS
38%
ZT
38%
ZW
38%
ZX
38%
ZZ
38%
MM
31%
MQ
31%
MY
31%
NC
31%
ND
31%
NF
31%
NG
31%
NH
31%
NJ
31%
NM
31%
NQ
31%
NS
31%
NT
31%
NX
31%
NZ
31%
PB
31%
PC
31%
PJ
31%
PM
31%
PS
31%
PT
31%
PW
31%
QQ
31%
QW
31%
RC
31%
RF
31%
RG
31%
RJ
31%
RK
31%
RL
31%
RM
31%
RN
31%
RV
31%
RW
31%
RX
31%
RY
31%
RZ
31%
SB
31%
SC
31%
SL
31%
SR
31%
ST
31%
TC
31%
TD
31%
TF
31%
TS
31%
VK
31%
VL
31%
VP
31%
VQ
31%
VR
31%
VS
31%
WK
31%
WL
31%
WQ
31%
WR
31%
WT
31%
WX
31%
WY
31%
XV
31%
XY
31%
YK
31%
YL
31%
YQ
31%
YR
31%
YY
31%
ZB
31%
ZC
31%
ZM
31%
ZN
31%
ZV
31%
MJ
23%
MK
23%
ML
23%
MR
23%
NB
23%
PV
23%
PX
23%
PZ
23%
RD
23%
RP
23%
RQ
23%
RS
23%
RT
23%
SD
23%
SH
23%
SK
23%
SQ
23%
SY
23%
TW
23%
VB
23%
VD
23%
VF
23%
VG
23%
VH
23%
VJ
23%
VM
23%
VN
23%
VT
23%
VV
23%
VW
23%
VX
23%
VZ
23%
WB
23%
WC
23%
WD
23%
WF
23%
WG
23%
WH
23%
WJ
23%
WM
23%
WN
23%
WP
23%
WS
23%
WV
23%
WW
23%
WZ
23%
XC
23%
XK
23%
XL
23%
XN
23%
XP
23%
XQ
23%
XR
23%
YD
23%
YF
23%
YG
23%
YH
23%
YJ
23%
YP
23%
YS
23%
YT
23%
YW
23%
YX
23%
YZ
23%
MB
15%
MC
15%
MD
15%
MF
15%
MG
15%
MH
15%
MN
15%
MP
15%
MS
15%
MT
15%
MV
15%
MW
15%
MX
15%
MZ
15%
SF
15%
SG
15%
SJ
15%
SM
15%
SN
15%
SP
15%
SS
15%
SV
15%
SW
15%
SX
15%
SZ
15%
VC
15%
XB
15%
XD
15%
XF
15%
XG
15%
XH
15%
XJ
15%
XM
15%
XS
15%
XT
15%
XW
15%
XX
15%
YB
15%
YC
15%
YM
15%
YN
15%
YV
15%
XZ
8%

Score Distribution

Percentile by Number Answered

Percent of People with Each Score

Your Score History

You have not taken this quiz